banner-ar

المناهج الجديدة فى اعداد الممثل : (Record no. 65252)

MARC details
000 -الفاتح
حقل البيانات ثابتة الطول 01301nam a2200313Ia 4500
005 - وقت وتاريخ اخر تعامل مع التسجيلة
رقم الضبط 20240530110815.0
008 - عناصر البيانات ثابتة الطول - معلومات عامة
حقل البيانات ثابتة الطول 140319s2008 au a f b 000 0 ara d
017 ## - رقم الايداع القانونى
رقم الايداع القانونى 2008/19136
المصدر ( الهيئة المختصة) مصر. دار الكتب
020 ## - الرقم الدولى المعيارى للكتب
الرقم الدولى المعيارى للكتاب 9774378938
040 ## - مصدر الفهرسة
وكالة الفهرسة الأصلية GCL /
وكالة النسخ GCL
082 04 - رقم تصنيف ديوى العشرى
رقم الطبعة 21
رقم التصنيف 792.028 /
رقم المادة ج م
100 1# - المدخل الرئيسى - إسم شخصى
الإسم الشخصى جوردون ، ان-مارى
245 12 - بيان العنوان
العنوان المناهج الجديدة فى اعداد الممثل :
بقية العنوان مسرح . رقص . سيرك . فن العرائس /
بيان المسئوليه,etc تجميع واشراف ان - مارى جوردون ؛ ترجمة سلوى لطفى ؛ مراجعة جوزين جودت
رقم الجزء/قسم العمل الجزء الثانى
250 ## - بيان الطبعة
بيان الطبعة ط.1
260 ## - PUBLICATION, DISTRIBUTION, ETC. (IMPRINT)
تاريخ النشر أو التوزيع 2008 .
300 ## - الوصف المادى
التعداد 327 ص. :
تفاصيل ماديه اخرى للوعاء ايض. ؛
أبعاد الوعاء 24 سم.
650 07 - المدخل الاضافى بالموضوع-مصطلح موضوعى
مصطلح موضوعي المسرح
مصدر الرأس أو المصطلح qrmak
650 07 - المدخل الاضافى بالموضوع-مصطلح موضوعى
مصطلح موضوعي الاخراج المسرحى
مصدر الرأس أو المصطلح qrmak
650 07 - المدخل الاضافى بالموضوع-مصطلح موضوعى
مصطلح موضوعي فن العرائس
650 07 - المدخل الاضافى بالموضوع-مصطلح موضوعى
مصطلح موضوعي السيرك
650 07 - المدخل الاضافى بالموضوع-مصطلح موضوعى
مصطلح موضوعي السينما
مصدر الرأس أو المصطلح qrmak
650 07 - المدخل الاضافى بالموضوع-مصطلح موضوعى
مصطلح موضوعي التمثيل
مصدر الرأس أو المصطلح qrmak
650 07 - المدخل الاضافى بالموضوع-مصطلح موضوعى
مصطلح موضوعي المسرح
التقسيم الفرعي العام تاريخ ونقد
مصدر الرأس أو المصطلح qrmak
651 ## - المدخل الاضافى بالموضوع - اسم جغرافى
مصدر الرأس أو المصطلح qrmak
700 0# - المدخل الاضافى - اسم شخصى
الإسم الشخصى سلوى لطفى
الدور مترجم
700 0# - المدخل الاضافى - اسم شخصى
الإسم الشخصى جوزين جودت
الدور مراجع
942 ## - عناصر المدخل الإضافي( كوها)
مصدر التصنيف او مخطط الترفيف Dewey Decimal Classification
Koha [default] item type كتاب
260 ## - PUBLICATION, DISTRIBUTION, ETC. (IMPRINT)
-- القاهرة :
-- وزارة الثقافة : مهرجان القاهرة الدولى للمسرح التجريبى،
Holdings
حالة التراجع حالة الفقد حالة تلف ليس للاعارة المكان المؤقت الموقع الحالى موقع الترفيف تاريخ الاكتساب اجمالي اﻻعارات رقم الطلب الباركود تاريخ اخر مشاهدة تاريخ تفعيل السعر نوع وعاء كوها
        مكتبة القاهرة الكبرى مكتبة القاهرة الكبرى   05/18/2019   792.028 / ج م 165947 05/18/2019 05/18/2019 كتاب

Powered By

EGPV